000 00864cam a22002777a 4500
003 CHAP
005 20220329135412.0
008 971013s1975 r 00010 d
010 _a35827
011 _a36799
035 _a40918
040 _cCHAP
082 _a539.722
_bO7
110 _aOrganismo Internacional de Energía Atómica
_983512
245 0 _aTraining in radiological protection for nuclear programmes
260 _aVienna :
_bOIEA,
_c1975
300 _a116 p.
490 0 _aTechnical reports series
_v; 166
590 _aBATCH-UPD
_b10
_c20130110
_lUCH01
_h2135
590 _aCONVERSION
_b10
_c20130109
_lUCH01
_h1320
650 1 4 _aRadioactividad
_xMedidas de seguridad.
_993696
830 0 _aTechnical reports series
_v; 166
_9111913
901 _aBK
942 _cLIBRO
949 _a539.722 O7
_bBC
_cLIBRO
_d33724000444600
_eLIBRO
_h61012
_i40918
_si
999 _c35827
_d35827